Enhanced oil recovery field case studies / (Record no. 19972)

MARC details
000 -LEADER
fixed length control field 01012cam a22002895a 4500
001 - CONTROL NUMBER
control field 18125671
005 - DATE AND TIME OF LATEST TRANSACTION
control field 20150721153624.0
008 - FIXED-LENGTH DATA ELEMENTS--GENERAL INFORMATION
fixed length control field 140423s2013 maua frb 001 0 eng d
020 ## - INTERNATIONAL STANDARD BOOK NUMBER
International Standard Book Number 012386545X
020 ## - INTERNATIONAL STANDARD BOOK NUMBER
International Standard Book Number 9780123865458
040 ## - CATALOGING SOURCE
Original cataloging agency YDXCP
Language of cataloging eng
Transcribing agency YDXCP
Modifying agency BTCTA
-- CUV
-- OCLCF
-- DLC
-- EG-ScBUE
082 04 - DEWEY DECIMAL CLASSIFICATION NUMBER
Classification number 622.33827
Item number ENH
Edition number 22
245 00 - TITLE STATEMENT
Title Enhanced oil recovery field case studies /
Statement of responsibility, etc [editor] James J. Sheng.
260 ## - PUBLICATION, DISTRIBUTION, ETC. (IMPRINT)
Place of publication, distribution, etc Waltham ;
-- Oxford :
Name of publisher, distributor, etc Gulf Professional Publishing / Elsevier,
Date of publication, distribution, etc c.2013.
300 ## - PHYSICAL DESCRIPTION
Extent xxiii, 685 p. :
Other physical details ill. ;
Dimensions 24 cm.
500 ## - GENERAL NOTE
General note Index : p. 667-685.
504 ## - BIBLIOGRAPHY, ETC. NOTE
Bibliography, etc Bibliography : p. 662-666.
650 #7 - SUBJECT ADDED ENTRY--TOPICAL TERM
Topical term or geographic name as entry element Enhanced oil recovery.
Source of heading or term BUEsh
9 (RLIN) 28476
650 #0 - SUBJECT ADDED ENTRY--TOPICAL TERM
Topical term or geographic name as entry element Petroleum engineering.
Source of heading or term BUEsh
650 #7 - SUBJECT ADDED ENTRY--TOPICAL TERM
Topical term or geographic name as entry element Oil reservoir engineering.
Source of heading or term BUEsh
9 (RLIN) 19804
650 #0 - SUBJECT ADDED ENTRY--TOPICAL TERM
Topical term or geographic name as entry element Oil fields
General subdivision Production methods.
Source of heading or term BUEsh
651 ## - SUBJECT ADDED ENTRY--GEOGRAPHIC NAME
Source of heading or term BUEsh
653 ## - INDEX TERM--UNCONTROLLED
Resource For college Engineering, General
Arrived date list June2015
-- July2015
655 ## - INDEX TERM--GENRE/FORM
Form subdivision
-- 34232
700 1# - ADDED ENTRY--PERSONAL NAME
Personal name Sheng, James,
Relator term editor.
9 (RLIN) 28475
942 ## - ADDED ENTRY ELEMENTS (KOHA)
Source of classification or shelving scheme Dewey Decimal Classification
Call number prefix 622.33827 ENH
Holdings
Withdrawn status Lost status Source of classification or shelving scheme Damaged status Not for loan Koha collection Home library Current library Shelving location Date acquired Source of acquisition Cost, normal purchase price Serial Enumeration / chronology Total Checkouts Total Renewals Full call number Barcode Date last seen Date last borrowed Cost, replacement price Koha item type
    Dewey Decimal Classification     Alahram Central Library Central Library First floor 28/06/2015   876.00 323 6 82 622.33827 ENH 000038831 03/02/2026 03/11/2025 1095.00 Book - Borrowing